00787pam a2200205 a 4500020001500000040000800015082002600023100002000049245007700069250001200146260005100158300004800209650001500257700002200272856006200294856005400356942000700410999001700417952014700434 a0801665582 cDLC00a540 BRO 1997 A027 Or.1 aSevenair, John.10aIntroductory chemistry :binvestigating the molecular nature of matter / a1st ed. aDubuque, IA :bWm.C. Brown Publishers,cc1997. axxiii, 788 p. :bill. (some col.) ;c26 cm. 0aChemistry.1 aBurkett, Allan R.42uhttp://www.loc.gov/catdir/description/mh022/96038217.html41uhttp://www.loc.gov/catdir/toc/mh022/96038217.html cEK c13398d13398 0010406540_000000000000000_BRO_1997_A027_OR70964390aLBAbLBAcA027d2017-08-25o540 BRO 1997 A027 Or.pA19420r2017-08-25w2017-08-25yEK